Hipodoncia: un abordaje par el manejo en equipo (Registro nro. 7393)
[ vista simple ]
| 000 -Cabecera | |
|---|---|
| Campo de control de longitud fija | 00966nam a22003737a 4500 |
| 005 - Fecha y hora de la última transacción | |
| Campo de control | 20260227162028.0 |
| 008 - Elementos de longitud fija--Información general | |
| Campo de control de longitud fija | 160118b2013 xxu||||| |||| 00| 0 spa d |
| 020 ## - International Standard Book Number | |
| Número Internacional Estándar del Libro (ISBN) | 9789588760261 |
| 041 ## - Idioma | |
| Código de idioma | Español |
| 082 ## - Clasificación Decimal Dewey | |
| Número de clasificación | 617.643 H683h |
| 100 ## - Entrada principal--Autor personal | |
| Nombre personal | Hobrirk, John A. |
| 100 ## - Entrada principal--Autor personal | |
| Nombre personal | Gill, Daljit S. |
| 100 ## - Entrada principal--Autor personal | |
| Nombre personal | Jones, Steven P. |
| 100 ## - Entrada principal--Autor personal | |
| Nombre personal | Hemmings, Kenneth W. |
| 100 ## - Entrada principal--Autor personal | |
| Nombre personal | Bassi, G. Steven |
| 100 ## - Entrada principal--Autor personal | |
| Nombre personal | O´Donnell, Amanada |
| 100 ## - Entrada principal--Autor personal | |
| Nombre personal | Goodman, Jane R. |
| 245 ## - Título propiamente dicho | |
| Título | Hipodoncia: un abordaje par el manejo en equipo |
| 260 ## - Pie de imprenta | |
| Lugar de publicación, distribución, etc. | Venezuela |
| 260 ## - Pie de imprenta | |
| Nombre del editor, distribuidor, etc. | Amolca |
| 260 ## - Pie de imprenta | |
| Fecha de publicación, distribución, etc. | 2013 |
| 300 ## - Descripción física | |
| Extensión | 200 páginas |
| 300 ## - Descripción física | |
| Otras características físicas | Fotografías a color |
| 490 ## - Serie | |
| Título de la Serie | Mecánica Dental |
| 650 ## - Materia general | |
| Temática (materia general) | HIPODONCIA |
| 650 ## - Materia general | |
| Temática (materia general) | ORTODONCIA |
| 650 ## - Materia general | |
| Temática (materia general) | OCLUSIÓN |
| 650 ## - Materia general | |
| Temática (materia general) | DENTICIÓN PRIMARIA |
| 650 ## - Materia general | |
| Temática (materia general) | DENTICIÓN MIXTA |
| 650 ## - Materia general | |
| Temática (materia general) | DENTICIÓN TEMPRANA |
| 650 ## - Materia general | |
| Temática (materia general) | TEJIDOS DE SOPORTE |
| 650 ## - Materia general | |
| Temática (materia general) | ARCOS DENTALES |
| 942 ## - Punto de acceso adicional KOHA | |
| Tipo de ítem KOHA | Libro |
| Fuente del sistema de clasificación o colocación | Dewey Decimal Classification |
| Signatura completa | Código de barras | Programa Académico | Tipo de ítem |
|---|---|---|---|
| 617.643 H683h | 19937 | Mecánica Dental | Libro |